Normal view
MARC view
Entry Corporate Name
001 - CONTROL NUMBER
- control field: 8833
003 - CONTROL NUMBER IDENTIFIER
- control field: AM-YEHGA
005 - DATE AND TIME OF LATEST TRANSACTION
- control field: 20250618063806.0
008 - FIXED-LENGTH DATA ELEMENTS
- fixed length control field: 190717|a|ac|nnaab| fb ana ||
040 ## - CATALOGING SOURCE
- Original cataloging agency: AM-YEHGA
110 2# - HEADING--CORPORATE NAME
- Corporate name or jurisdiction name as entry element: Շիրակի Մ․ Նալբանդյանի անվան պետական համալսարան
ՀՀ Գիտությունների ազգային ակադեմիայի հիմնարար գիտական գրադարան = Fundamental Scientific Library of NAS RA
All site content, except where otherwise noted, is licensed under a